Laws To Remember - Statistics

General Stats
  • This quiz has been taken 9 times
    4 since last reset
  • The average score is 2 of 61
Answer Stats
Hint Answer % Correct
Reinstatement, Reissue or Replacement of Certificate 26
100%
Oath Taking 20
50%
Administrative Investigation - Revocation or Suspension of Certificates 24
50%
Title Section 1
0%
Compensation of Members of the Board of Examiners for Medical Technology 10
0%
Functions and Duties of the Board 11
0%
Removal of Board Members 12
0%
Within how many days after examination should the board report the result to the CSC or PRC? 120 days
0%
Accreditation of Schools of Medical Technology and of Training Laboratories 13
0%
Inhibition Against the Practice of Medical Technology 14
0%
Examination 15
0%
Before the actual transfer to another location, how many days should the laboratory inform the CHD? 15 days
0%
Qualification for Examination 16
0%
Scope of Examination 17
0%
Report of Rating 18
0%
Rating in the Examination 19
0%
Definition of Terms Section 2
0%
Issuance of Certificate of Registration 21
0%
Fees 22
0%
Refusal to Issue Certificate 23
0%
Appeal 25
0%
Foreign Reciprocity 27
0%
Roster of Medical Technologists 28
0%
Penal Provisions 29
0%
Council of Medical Technology Education, Its Composition 3
0%
Separability Clause 30
0%
How many days at least should the notification through newspapers be circulated prior to the examination? 30
0%
Repealing Caluse 31
0%
Effectivity 32
0%
If naa silay i-add na subject sa exam or iremove, how many days/months should they announce it prior ti the date of examination? 3 months
0%
Compensation and Traveling Expenses of Council Members 4
0%
Functions of the Council of Medical Technology Education 5
0%
Minimum Required Course 6
0%
Upon receipt of the application for new license, within how many days shall the BRL inspect the establish to verify the accomplishment of the requirements? 60 days
0%
Medical Technology Board 7
0%
Qualification of Examiners 8
0%
Executive Officer of the Board 9
0%
Application for the renewal of license must be filed within how many days before the expiry date of the license? 90 days
0%
RA 11469 State of Public Health Emergency 922
0%
RA 11469 State of Calamity 929
0%
3, 8, 13 PD 1534
0%
Creation of PRC PD 223
0%
2, 3, 4, 7, 8, 11, 13, 16, 17, 21, 29 PD 498
0%
Mandatory Infants and Children Health Immunization Act RA 10152
0%
Continuing Professional Development Act of 2016 RA 10912
0%
The Philippines HIV and AIDS Policy Law RA 11166
0%
National Integrated Cancer Control Act RA 11215
0%
Universal Health Care Law RA 11223
0%
Bayanihan to Heal as One Act of 2020 RA 11469
0%
Blood Banking Law of 1956 RA 1517
0%
Clinical Laboratory Law of 1996 RA 4688
0%
Philippine Medical technology Act of 1969 RA 5527
0%
16, 21, 22 RA 6138
0%
Organ Donation Act RA 7170
0%
National Blood Services Act of 1994 RA 7719
0%
Higher Education Act RA 7722
0%
Philippine AIDS Prevention and Control Act RA 8504
0%
PRC Modernization Act of 2000 RA 8981
0%
Comprehensive Dangerous Drugs Act of 2002 RA 9165
0%
Newborn Screening Act RA 9288
0%
Anti-Rabies Act RA 9428
0%
No matching quizzes found
Score Distribution
Percent of People with Each Score
Percentile by Number Answered
Your Score History
You have not taken this quiz since the last reset